Texas Quiz by Letter - G - Statistics

General Stats
  • This quiz has been taken 14 times
  • The average score is 5 of 10
Answer Stats
Question Answer % Correct
The deadliest natural disaster in U.S. history occurred in which coastal city? Galveston
100%
What is the state fruit? Grapefruit
77%
City in Texas named after a city in Switzerland Geneva
62%
One of the members of the San Antonio Spurs’ legendary “Big 3” who is from Argentina Manu Ginobili
62%
Small hill in Dallas that’s significant to the conspiracies regarding the assassination of former President JFK Grassy Knoll
54%
Actress and singer from Wizards of Waverly Place who hails from Grand Prairie Selena Gomez
54%
Large mall in Houston that’s significant features 400 stores, an ice skating rink, hotels, and office towers Galleria Mall
46%
What is the biggest mountain in Texas? Guadalupe Peak
46%
A popular state park, known for swimming, tubing, and fishing that’s situated on the Frio River Garner State Park
23%
Stadium in Arlington and home of the Texas Rangers MLB team Globe Life Field
15%
No matching quizzes found
Score Distribution
Percent of People with Each Score
Percentile by Number Answered
Your Score History
You have not taken this quiz